000 00636nam a2200217Ia 4500
005 20250508164511.0
008 008 250505s9999 xx 000 0 eng d
037 _aTextual
040 _aFEDL
_beng
_cFEDL
041 _aeng
_2eng
084 _a327.1, VAN
_qFEDL
100 _aVanaik Achin
245 0 _aIndia in a changing world: Problems, limits and successes of its foreign policy
260 _aNew Delhi, India
_bOrient Longman Limited
_c1995
300 _axiii,147p.
365 _aINR
_b60
546 _aMACESE
650 _aForeign policy - India
942 _cTEXL
_h327.1, VAN
999 _c1389437
_d1389437